Statistics for Okresy Moravskoslezského kraje

Click here to take the quiz!

General Stats

  • This quiz has been taken 67 times
  • The average score is 4 of 6

Answer Stats

Answer% Correct
3Frýdek-Místek
85%
6Karviná
85%
1Opava
82%
2Bruntál
67%
4Ostrava-město
62%
5Nový Jičín
60%

Score Distribution

Percentile by Number Answered

Percent of People with Each Score

Your Score History

You have not taken this quiz